A reklámzene befolyásoló hatása

Bibliographic Details
Main Author: Kökény Cintia
Other Authors: Sasné Grósz Dr Annamária
Format: Thesis
Kulcsszavak:fogyasztók
reklám
marketing
zene
reklámzene
Online Access:http://dolgozattar.uni-bge.hu/5210

MARC

LEADER 00000nta a2200000 i 4500
001 dolg5210
005 20170208104447.0
008 160429suuuu hu om 000 hun d
040 |a BGE Dolgozattár Repozitórium  |b hun 
041 |a hu 
100 1 |a Kökény Cintia 
245 1 2 |a A reklámzene befolyásoló hatása   |c Kökény Cintia  |h [elektronikus dokumentum] 
695 |a fogyasztók 
695 |a reklám 
695 |a marketing 
695 |a zene 
695 |a reklámzene 
700 1 |a Sasné Grósz Dr Annamária  |e ths 
856 4 0 |u http://dolgozattar.uni-bge.hu/5210/1/Szakdolgozat_k%C3%A9sz_ok%C3%A9.pdf  |z Dokumentum-elérés